000 00596nam a2200265Ia 4500
005 20260306164018.0
008 008 260114s9999 xx 000 0 eng d
020 _a9781474406192
037 _aEBOOK
040 _aCRL
040 _beng
040 _cCRL
041 _2eng
041 _aeng
084 _qCRL
100 _aMunn
_91129819
245 0 _aInvesting For Generations
260 _bEdinburgh University Press
260 _c2015
650 _aLaw
856 _uhttps://academic.oup.com/book/35648
942 _cEBOOK
999 _c1712396
_d1712396